|
|
|
|
| LEADER |
00000nab a2200000 a 4500 |
| 001 |
vtls008874386 |
| 003 |
SK-MaSNL |
| 005 |
20260305034701.0 |
| 008 |
250505c2005 xo 0 slo |
| 015 |
|
|
|a SNBCL2005/5
|
| 035 |
|
|
|a SLK035802
|
| 035 |
|
|
|a urn:nbn:sk:snk-ab721l
|
| 035 |
|
|
|a (uuid)f0c85e4d-9705-4c2e-931c-461743a66925
|
| 035 |
|
|
|a (urnnbn)urn:nbn:sk:snk:ar-a06mzk
|
| 035 |
|
|
|a (sysno)vtls008874386
|
| 040 |
|
|
|a SNKBUCL
|b slo
|c SNKBUCL
|e AACR2
|
| 041 |
0 |
|
|a slo
|
| 044 |
|
|
|a xo
|c SK
|
| 080 |
|
|
|a 546.172:061.3
|2 1981
|
| 245 |
0 |
0 |
|a Meranie NO vo vydychovanom vzduchu - naše skúsenosti
|c Z. Rennerová ... [et al.]
|
| 650 |
0 |
7 |
|a oxid dusnatý
|2 snkbucl
|9 15102
|
| 650 |
0 |
7 |
|a výdych
|2 MESH
|9 1352859
|
| 650 |
0 |
7 |
|a zápalové mediátory
|2 SNKPH
|9 196339
|
| 650 |
0 |
7 |
|a astma
|x diagnostika
|2 MESH
|9 858409
|
| 650 |
0 |
7 |
|a hydrokortizón
|x aplikácia a dávkovanie
|2 MESH
|9 1470170
|
| 650 |
0 |
7 |
|a dieťa
|2 MESH
|9 294563
|
| 700 |
1 |
|
|a Rennerová, Zuzana,
|d 1972-
|4 aut
|9 153417
|
| 700 |
1 |
|
|a Trubačová, D.
|4 aut
|9 781752
|
| 700 |
1 |
|
|a Krajči, J.
|4 aut
|9 449957
|
| 700 |
1 |
|
|a Barreto, M.
|4 aut
|9 1297461
|
| 700 |
1 |
|
|a Ronchetti, R.
|4 aut
|9 803230
|
| 700 |
1 |
|
|a Pohanka, Vladimír,
|d 1948-
|4 aut
|9 250759
|
| 711 |
2 |
|
|a Zjazd slovenských a českých alergológov a klinických imunológov
|n (22. :
|d 2005 :
|c Prešov, Slovensko)
|4 aut
|9 97308
|
| 773 |
0 |
|
|t Klinická imunológia a alergológia
|g Zv. 15, č. 3 (2005), s. 28
|x 1335-0013
|
| 850 |
|
|
|a Slovenská národná knižnica
|
| 852 |
|
|
|a Slovenská národná knižnica
|
| 954 |
|
|
|a odborná, vedecká literatúra pôvodná (slovenská)
|2 lita
|
| 958 |
|
|
|a article2022
|
| 958 |
|
|
|a OND
|
| 958 |
|
|
|a EUIPO
|
| 999 |
|
|
|c 3330321
|d 3332251
|